Twin trouble / (Record no. 8795)

MARC details
000 -LEADER
fixed length control field 00949nam a22002777a 4500
001 - CONTROL NUMBER
control field 8795
003 - CONTROL NUMBER IDENTIFIER
control field FISKH
005 - DATE AND TIME OF LATEST TRANSACTION
control field 20251021105151.0
008 - FIXED-LENGTH DATA ELEMENTS--GENERAL INFORMATION
fixed length control field 251021b cb ||||| |||| 00| 0 eng d
020 ## - INTERNATIONAL STANDARD BOOK NUMBER
International Standard Book Number 9781556617188
040 ## - CATALOGING SOURCE
Original cataloging agency FISKH
Language of cataloging eng
Transcribing agency FISKH
Modifying agency FISKH
050 ## - LIBRARY OF CONGRESS CALL NUMBER
Classification number PZ7.R2727 T
082 ## - DEWEY DECIMAL CLASSIFICATION NUMBER
Classification number 218
100 ## - MAIN ENTRY--PERSONAL NAME
Personal name Reid, Mary Carpenter
245 ## - TITLE STATEMENT
Title Twin trouble /
Statement of responsibility, etc. By Mary Carpenter Reid
260 ## - PUBLICATION, DISTRIBUTION, ETC.
Place of publication, distribution, etc. Minnesota :
Name of publisher, distributor, etc. Bethany House Publishers ,
Date of publication, distribution, etc. 1997.
300 ## - PHYSICAL DESCRIPTION
Extent 80 pages :
Other physical details illustrations ;
Dimensions 19 cm .
490 ## - SERIES STATEMENT
Series statement Backpack Mystery
Volume/sequential designation 4
505 ## - FORMATTED CONTENTS NOTE
Formatted contents note R <br/>
520 ## - SUMMARY, ETC.
Summary, etc. While visiting their cousins Belinda and Melinda, who work at a camping resort and tell people about Jesus, Steff and her younger sister Paulie investigate a theft and other suspicious occurrences.
521 8# - TARGET AUDIENCE NOTE
Target audience note 700 <br/>
Source Lexile estimate <br/>
521 8# - TARGET AUDIENCE NOTE
Target audience note R <br/>
Source Raz-Plus <br/>
700 ## - ADDED ENTRY--PERSONAL NAME
Personal name Turnbaugh, Paul
Relator term Illustrator
942 ## - ADDED ENTRY ELEMENTS (KOHA)
Source of classification or shelving scheme Dewey Decimal Classification
Koha item type Books
Suppress in OPAC No
Holdings
Withdrawn status Lost status Source of classification or shelving scheme Damaged status Not for loan Home library Current library Shelving location Date acquired Total Checkouts Full call number Barcode Date last seen Price effective from Koha item type
    Dewey Decimal Classification     Footprints International School Library Network Toul Tom Poung Campus Footprints International School Library Network Toul Tom Poung Campus TTP Primary Orange Bookshelves 10/21/2025   REI 218 PZ7.R2727 T FISBK00538 10/21/2025 10/21/2025 Books